000 00423cam a2200181ua 4500
001 6325
005 20260515114031.0
008 131129n ii |||gr||||Z||||||eng
020 _a81-7881-626-1
040 _cMAIN
082 _a658.15
245 1 1 _aFinancial management
260 _aHyderabad:
_bThe ICFAI University,
_c2005.
300 _ax,386p.
653 _aCommerce
653 _aFinancial management
942 _cBK
999 _c5472
_d5472